019_ Personnalités nées un 19 janvier par images - Statistiques

Statistiques générales
  • Ce quiz a été pris 54 fois
  • Le résultat moyen est 3 sur 9
Statistiques - réponses
Par images Hint Réponse % Correct
Youtubeur Tibo InShape
94%
Actrice Audrey Lamy
83%
Cycliste Mathieu van der Poel
40%
Chanteuse Janis Joplin
36%
Écrivain Edgar Allan Poe
28%
Basketteur Florent Piétrus
11%
Roi François II
11%
Peintre Paul Cézanne
11%
Ingénieur James Watt
4%
Aucun quiz correspondant
Distribution des résultats
% des personnes avec chaque résultat
Percentile par nombre de réponses
Votre historique - résultats
Vous n’avez pas pris ce quiz